000 01086nac a22002651u 4500
010 _a 2003102340
020 _a0761971297 (pbk.)
020 _a0761971289
035 _a(DLC) 2003102340
082 _a304.2
_bL597
090 _c2117
_d2117
100 _a20080729
245 0 0 _aAlternative economic spaces /
_cedited by Andrew Leyshon, Roger Lee, and Colin C. Williams.
260 _aLondon ;
_aThousand Oaks, Calif. :
_bSage Publications,2003
_c2003.
300 _aviii, 203 p. ;
_c24 cm.
504 _aIncludes bibliographical references and index.
650 0 _aEconomic geography.
700 1 _aLeyshon, Andrew.
700 1 _aLee, Roger,
_d1945-
700 1 _aWilliams, Colin C.,
_d1961-
856 4 1 _3Table of contents only
_uhttp://www.loc.gov/catdir/toc/fy044/2003102340.html
856 4 1 _3Publisher description
_uhttp://www.loc.gov/catdir/enhancements/fy0657/2003102340-d.html
942 _cBB
_k304.2L597
999 _c2117
_d2117